Geology of Wisconsin. (Record no. 24345)

MARC details
000 -LEADER
fixed length control field 01084cam a22002891 4500
001 - CONTROL NUMBER
control field gs 05001111
003 - CONTROL NUMBER IDENTIFIER
control field DLC
005 - DATE AND TIME OF LATEST TRANSACTION
control field 20260227111302.0
008 - FIXED-LENGTH DATA ELEMENTS--GENERAL INFORMATION
fixed length control field 730130m18771883wiuabc 000 0 eng c
010 ## - LIBRARY OF CONGRESS CONTROL NUMBER
LC control number gs 05001111
035 ## - SYSTEM CONTROL NUMBER
System control number (OCoLC)547367
040 ## - CATALOGING SOURCE
Original cataloging agency U.S. Geol. Survey. Libr.
Transcribing agency ODaWU
Modifying agency OCoLC
-- DLC
042 ## - AUTHENTICATION CODE
Authentication code premarc
050 00 - LIBRARY OF CONGRESS CALL NUMBER
Classification number QE179
Item number .A16
110 1# - MAIN ENTRY--CORPORATE NAME
Corporate name or jurisdiction name as entry element Wisconsin.
Subordinate unit Chief Geologist.
245 10 - TITLE STATEMENT
Title Geology of Wisconsin.
Remainder of title Survey of 1873-1879 ...
260 ## - PUBLICATION, DISTRIBUTION, ETC.
Place of publication, distribution, etc. [Madison]
Name of publisher, distributor, etc. Commissioners of Public Print.,
Date of publication, distribution, etc. 1877-83.
300 ## - PHYSICAL DESCRIPTION
Extent 4 v.
Other physical details illus., port., maps (part fold., part col.)
Dimensions 27 cm.
Accompanying material and atlas of 42 (i.e. 45) sheets. 22 x 8 cm.
500 ## - GENERAL NOTE
General note Vol. 2 has title: Geology of Wisconsin. Survey of 1873-1877.
500 ## - GENERAL NOTE
General note Previous publications relating to eatern Wisconsin: v. 2, p. [95]-96.
500 ## - GENERAL NOTE
General note Annual reports for the years 1873-75 included in v. 2.
650 #0 - SUBJECT ADDED ENTRY--TOPICAL TERM
Topical term or geographic name entry element Geology
Geographic subdivision Wisconsin.
650 #0 - SUBJECT ADDED ENTRY--TOPICAL TERM
Topical term or geographic name entry element Mines and mineral resources
Geographic subdivision Wisconsin.
650 #0 - SUBJECT ADDED ENTRY--TOPICAL TERM
Topical term or geographic name entry element Paleontology
Geographic subdivision Wisconsin.
650 #0 - SUBJECT ADDED ENTRY--TOPICAL TERM
Topical term or geographic name entry element Animals
Geographic subdivision Wisconsin.
650 #0 - SUBJECT ADDED ENTRY--TOPICAL TERM
Topical term or geographic name entry element Plants
Geographic subdivision Wisconsin.

No items available.

Powered by Koha